000 00308nam a22001337a 4500
008 170612b xxu||||| |||| 00| 0 eng d
020 _a9780393928761
041 _aeng
080 _22ND
_a32
100 _a19
101 _aSHP
245 _aESSENTIALS OF COMPARATIVE POLITICS
_cO'NELL,P.H
942 _2udc
_cBK
999 _c17025
_d17025